Countries With Over 500,000 Military Personnel - Statistics

General Stats
  • This quiz has been taken 35 times
  • The average score is 16 of 20
Answer Stats
Hint Answer % Correct
5,137,500 India
100%
1,495,000 Pakistan
100%
890,700 Turkey
100%
3,874,000 Russia
97%
2,101,500 Brazil
94%
4,015,000 China
94%
7,769,000 North Korea
91%
2,072,950 USA
91%
1,000,000 Iran
88%
6,712,500 South Korea
88%
1,075,500 Indonesia
84%
1,314,500 Egypt
81%
642,500 Israel
81%
1,211,000 Ukraine
81%
5,522,000 Vietnam
81%
516,050 Colombia
66%
699,550 Thailand
66%
513,000 Myanmar
53%
1,831,800 Taiwan
50%
1,234,500 Cuba
47%
No matching quizzes found
Score Distribution
Percent of People with Each Score
Percentile by Number Answered
Your Score History
You have not taken this quiz